Aviation security : foreign airport assessments and air carrier inspections help enhance security, but oversight of these efforts can be strengthened : report to congressional requesters.

Bibliographic Details
Corporate Author: United States. Government Accountability Office
Format: Government Document eBook
Language:English
Published: [Washington, D.C.] : U.S. Govt. Accountability Office, [2007]
Subjects:
Online Access:https://purl.fdlp.gov/GPO/LPS83339

MARC

Tag First Indicator Second Indicator Subfields
LEADER 00000cam a2200000 a 4500
001 in00002353521
005 20211129154741.0
006 m d f
007 cr mn|||||||||
008 070716s2007 dcu sb f000 0 eng c
035 |a (OCoLC)ocn155851185 
037 |b GAO (202)512-6000 (voice); (202)512-6061 (Fax); (202)512-2537 (TDD)  |f paper copy 
040 |a GPO  |c GPO  |d MvI  |d UtOrBLW 
042 |a pcc 
049 |a WWW 
074 |a 0546-D (online) 
086 0 |a GA 1.13:GAO-07-729 
088 |a GAO-07-729 
110 1 |a United States.  |b Government Accountability Office. 
245 1 0 |a Aviation security :  |b foreign airport assessments and air carrier inspections help enhance security, but oversight of these efforts can be strengthened : report to congressional requesters. 
246 3 0 |a Foreign airport assessments and air carrier inspections help enhance security, but oversight of these efforts can be strengthened 
264 1 |a [Washington, D.C.] :  |b U.S. Govt. Accountability Office,  |c [2007] 
300 |a iv, 117 pages :  |b digital, PDF file. 
336 |a text  |b txt  |2 rdacontent 
337 |a computer  |b c  |2 rdamedia 
338 |a online resource  |b cr  |2 rdacarrier 
538 |a Mode of access: Internet from GPO Access web site. Address as of 7/5/07: http://frwebgate.access.gpo.gov/cgi-bin/getdoc.cgi?dbname=gao&docid=f:d07729.pdf; current access available via PURL. 
500 |a Title from title screen (viewed on July 5, 2007). 
500 |a "May 2007." 
500 |a Paper version available from: U.S. Govt. Accountability Office, 441 G St., NW, Rm. LM, Washington, D.C. 20548. 
504 |a Includes bibliographical references. 
500 |a "GAO-07-729." 
500 |a Electronic resource. 
650 0 |a Aeronautics, Commercial  |x Security measures  |x International cooperation. 
650 0 |a International airports  |x Security measures  |x International cooperation. 
650 0 |a Airline passenger security screening. 
650 0 |a Airports  |x Baggage handling  |x Security measures  |x International cooperation. 
776 0 |a United States. Government Accountability Office.  |t Aviation security : foreign airport assessments and air carrier inspections help enhance security, but oversight of these efforts can be strengthened  |h iv, 117 p.  |w (OCoLC)140018736 
856 4 0 |u https://purl.fdlp.gov/GPO/LPS83339  |t 0 
999 |a MARS 
999 f f |s fb15dc9b-b946-3ca0-95ba-fd60cefc8d07  |i b07c238c-26fb-375f-ba4a-03d4051a8dbb  |t 0 
952 f f |a Texas A&M University  |b College Station  |c Electronic Resources  |d Available Online  |t 0  |e GA 1.13:GAO-07-729  |h Superintendent of Documents classification 
998 f f |a GA 1.13:GAO-07-729  |t 0  |l Available Online